Manuel de procedure civile: questionnaire, formulaire, tableaux analytiques et plusieurs tables

Uloženo v:
Podrobná bibliografie
Hlavní autor: Camuzet, Charles-Eugéne (Autor)
Médium: Kniha
Jazyk:francouzština
Vydáno: París Librairie Marescq Jeune 1914
Vydání:26a. ed
Edice:Bibliotheque de l`Etudiant en Droit
Témata:
Tagy: Přidat tag
Žádné tagy, Buďte první, kdo vytvoří štítek k tomuto záznamu!

MARC

LEADER 00000cam a2200000 a 4500
001 UCC5658
003 CL-VaPUC
008 181021e19140000fr |||||||||||||||||fre|d
082 0 4 |a 347.07  |b CAM  |2 21 
100 0 |a Camuzet, Charles-Eugéne  |e author  |9 599988 
245 1 0 |a Manuel de procedure civile: questionnaire, formulaire, tableaux analytiques et plusieurs tables 
250 |a 26a. ed 
300 |a 119 p 
942 |c BK 
945 |d 20181021 19:29:00  |a dcastane 
260 |a París  |b Librairie Marescq Jeune  |c 1914 
500 |a Edición facsimilar del año 1914 
650 0 |a Procedimiento civil  |9 254870 
650 0 |a Juicio ejecutivo  |9 254866 
583 |a last modification  |c 20181021 19:29:00  |k Rodrigo Vera 
490 0 |a Bibliotheque de l`Etudiant en Droit 
999 |c 372800  |d 372798 
952 |0 0  |1 0  |3 erb  |4 0  |6 347_070000000000000_CAM_1914  |7 0  |8 A  |9 490643  |a BIBDER  |b BIBDER  |i 5509076  |o 347.07 CAM 1914  |p 5509076  |r 2023-01-25  |w 2019-11-24  |y BK  |z Catalogado en:20181021  |k DER